000
00299nam a2200133Ia 4500
100
_a
Lin/Yi-Bing
942
_c
BK
654
_a
wireless
245
_a
Wireless and mobile network architecture
260
_b
Wiley student ed.
_c
2001
082
_a
621.3821
_b
LIN
300
_a
532
546
_a
ENGLISH
999
_c
20736
_d
20736